Human resource management in the postindustrial era diplomová práca

Na minha lista:
Detalhes bibliográficos
Autor principal: Brathová, Zuzana
Autor Corporativo: Ekonomická univerzita v Bratislave. Ústav medzinárodných programov
Outros Autores: Blštáková, Jana, 1980-
Formato: Livro
Idioma:inglês
Publicado em: Bratislava 2014
Tags: Adicionar Tag
Sem tags, seja o primeiro a adicionar uma tag!

MARC

LEADER 00000nbm a2200000 4500
001 0193070
005 20170314113038.7
041 0 |a eng 
044 |a SK 
245 1 0 |a Human resource management in the postindustrial era  |b diplomová práca  |c Zuzana Brathová ; školiteľ: Jana Blštáková 
264 1 |a Bratislava  |c 2014 
300 |a 86 s. 
100 1 |a Brathová, Zuzana 
700 1 |a Blštáková, Jana, 1980- 
710 2 |a Ekonomická univerzita v Bratislave. Ústav medzinárodných programov